| 000 | 00645nam0a22002291 4500 | ||
|---|---|---|---|
| 001 | rc\47485 | ||
| 005 | 20250620160933.0 | ||
| 035 | _a(NLR Aleph) 005327421 | ||
| 090 |
_a6554438 _c6554438 |
||
| 100 | _a20021216d1996 |||y0rusy50 ca | ||
| 101 | 0 | _arus | |
| 102 | _aRU | ||
| 105 | _aa ||||||||| | ||
| 200 | 1 |
_aРусалочка _e[Альб. игры] "Наклей-ка!" _fDisneys |
|
| 210 |
_aМ. _cДрофа-Премьера _d[1996] |
||
| 215 |
_a40 с. _cцв. ил. _d27 |
||
| 700 | 1 |
_aДисней _bУ. _f1901-1966 _gУолт |
|
| 801 | 0 |
_aRU _bNLR _gpsbo |
|
| 801 | 1 |
_aRU _bELAR _2rusmarc |
|
| 852 |
_aNLR _j96-8/916 |
||
| 942 | _cBOOK | ||
| 980 | _aNB | ||